From non-alignment to coordinated accumulation of moral force toward friendship, peace, and social justice among nations. (Record no. 88814)

MARC details
000 -LEADER
fixed length control field 00836cam a22002411 4500
001 - CONTROL NUMBER
control field sa 68019089
003 - CONTROL NUMBER IDENTIFIER
control field DLC
005 - DATE AND TIME OF LATEST TRANSACTION
control field 20260227112716.0
008 - FIXED-LENGTH DATA ELEMENTS--GENERAL INFORMATION
fixed length control field 850514s1961 io f100 0 eng
010 ## - LIBRARY OF CONGRESS CONTROL NUMBER
LC control number sa 68019089
035 ## - SYSTEM CONTROL NUMBER
System control number (OCoLC)12034677
040 ## - CATALOGING SOURCE
Original cataloging agency DLC
Transcribing agency IDeKN
Modifying agency DLC
042 ## - AUTHENTICATION CODE
Authentication code premarc
043 ## - GEOGRAPHIC AREA CODE
Geographic area code a-io---
050 00 - LIBRARY OF CONGRESS CALL NUMBER
Classification number DS638
Item number .S9
100 1# - MAIN ENTRY--PERSONAL NAME
Personal name Sukarno,
Dates associated with a name 1901-1970.
245 10 - TITLE STATEMENT
Title From non-alignment to coordinated accumulation of moral force toward friendship, peace, and social justice among nations.
260 ## - PUBLICATION, DISTRIBUTION, ETC.
Place of publication, distribution, etc. [Djakarta] :
Name of publisher, distributor, etc. Dept. of Information, Republic of Indonesia,
Date of publication, distribution, etc. [1961]
300 ## - PHYSICAL DESCRIPTION
Extent 27 p. ;
Dimensions 21 cm.
490 0# - SERIES STATEMENT
Series statement Special issue ;
Volume/sequential designation 80
500 ## - GENERAL NOTE
General note "An address ... before the Belgrade Summit Conference of Nonaligned Countries on 1st September 1961."
651 #0 - SUBJECT ADDED ENTRY--GEOGRAPHIC NAME
Geographic name Indonesia
General subdivision Foreign relations.

No items available.

Powered by Koha